000 00689nam a2200265Ia 4500
005 20260121165729.0
008 008 260114s9999 xx 000 0 eng d
020 _a9783319229829
037 _aEBOOK
040 _aCRL
040 _beng
040 _cCRL
041 _2eng
041 _aeng
084 _qCRL
100 _aRachael C. Waugh
_91055331
245 0 _aDevelopment of Infrared Techniques for Practical Defect Identification in Bonded Joints
260 _bSpringer
260 _bSpringer
260 _c2016
856 _uhttps://link.springer.com/openurl?genre=book&isbn=978-3-319-22982-9
942 _cEBOOK
999 _c1621059
_d1621059